Estadísticas para Países de la cuenca del río Nilo en un mapa

Haz click aquí para intentar la prueba.

Estadísticas generales

  • Esta prueba ha sido intentada 35 veces
  • La puntuación promedio es 10 de 11

Respuestas en el mapa

Las respuestas están codificadas por una escala verde-roja en el mapa de la prueba según el % correcto abajo.
 

Estadísticas de respuestas

país% Correcto
Egipto
100%
Sudán
100%
Sudán del Sur
100%
Eritrea
97%
Etiopía
97%
Ruanda
91%
Kenia
88%
Rep Dem Congo
88%
Tanzania
88%
Uganda
88%
Burundi
82%

Distribución de puntuación

Porcentaje por número respondido

Porcentaje de gente con cada puntuación

Historial de tus puntuaciones

No has intentado esta prueba.